[Event "Linares 19th"]
[Site "Linares"]
[Date "2002.03.10"]
[Round "14"]
[White "Adams, Michael"]
[Black "Ivanchuk, Vassily"]
[Result "1/2-1/2"]
[WhiteElo "2742"]
[BlackElo "2717"]
[Annotator "Ribli,Z"]
[PlyCount "91"]
[EventDate "2002.02.22"]
[EventType "tourn"]
[EventRounds "14"]
[EventCountry "ESP"]
[EventCategory "20"]
[SourceTitle "CBM 088"]
[Source "ChessBase"]
[SourceDate "2002.03.21"]
[SourceVersion "1"]
[SourceVersionDate "2002.03.21"]
[SourceQuality "1"]

1. e4 c5 2. Nf3 e6 3. d4 cxd4 4. Nxd4 a6 5. Bd3 Nf6 6. O-O d6 7. c4 {Dieser
Zug ist die eigentliche Idee der Variante 5.Bd3 - in der Variante 5.Nc3 kann
Weiß nicht c2-c4 spielen. - Weiß kontrolliert hier mehr Raum und hat die
Initiative.} b6 (7... Be7 8. Nc3 O-O 9. f4 Re8 10. Kh1 Nbd7 11. Qe2 g6 12. Bd2
Bf8 13. Rad1 {So verlief die Partie Ivamchuk - Vallejo Pons in der 10. Runde
des Turniers.}) 8. Nc3 Bb7 9. f4 (9. Qe2 Nc6 10. Nxc6 Bxc6 11. Bg5 Be7 12. Rad1
Nd7 13. Bxe7 Qxe7 14. Bc2 Nf6 15. Qe3 Qc7 16. Qg3 {1-0 Stefansson,H-Ionescu,C/
Yerevan 1996/EXT 97 (39)}) 9... Be7 10. f5 {Dieser sofortige Bauernvorstoß ist
gefährlich für Schwarz - er muss jetzt sofort reagieren, denn sonst hängt der
Pe6.} (10. Qe2 O-O 11. Kh1 Nc6 12. Nxc6 Bxc6 13. b3 Nd7 14. Bb2 Re8 $5 15. Rad1
Qc7 16. Bb1 Rad8 17. Qc2 Bb7 {0-1 Vallejo Pons,F-Bakhtadze,G/Yerevan 1999/CBM
72 ext (40)}) 10... Nc6 {Schwarz spielt natürlich nicht 11...e5, wonach das
Feld d5 ein großes positionelles Loch würde. Mit dem Textzug beabsichtigt
Schwarz vielmehr, den Nd4 abzutauschen.} (10... e5 $2 11. Nc2 h6 12. Be3 Nbd7
13. b4 Rc8 14. a4 O-O 15. Qf3 a5 16. b5 Qc7 17. g3 {1-0 Papaioannou,
I-Gelashvili,T/Ikaria 1998/EXT 2000 (38)}) 11. Be3 (11. Nxc6 Bxc6 12. fxe6 fxe6
13. Qf3 O-O 14. Qh3 e5 (14... Qd7 {Dieser Zug sieht verdächtig aus, aber ich
kann keine konkrete Wiederlegung entdecken.}) 15. Bg5 Bd7 16. Qg3 Kh8 17. Qh4
Be8 18. Nd5 Bg6 19. Bxf6 Bxf6 20. Qg4 {1-0 Kremenietsky,A-Anikaev,Y/Moscow
1990/EXT 2000 (40)}) 11... Nxd4 12. Bxd4 O-O $11 {[%mdl 4] Dieser Zug wirkt
viel logischer als die Alternative 11...e5. Weiß hat Raumvorteil, aber in der
schwarzen Stellung gibt es keine Schwächen.} (12... e5 13. Be3 O-O 14. Qf3 b5
15. cxb5 axb5 16. Bxb5 d5 17. exd5 Nxd5 18. Nxd5 Bxd5 19. Qg3 Rxa2 20. Rxa2
Bxa2 {1/2-1/2 Matulovic,M-Adamski,J/Vrnjacka Banja 1985/EXT 99 (20)}) 13. fxe6
(13. Qe2) 13... fxe6 14. Qe2 (14. e5 dxe5 15. Bxe5 Qe8 $11 {[%csl Gb7][%cal
Ge8c6,Gb7g2,Ga8d8,Gd8d1] Weiß hat die bessere Bauernstruktur, aber sein
Königsflügel ist ein wenig geschwächt. Der Bb7 steht sehr stark.}) 14... Kh8 {
Ein guter prophylaktischer Zug - Schwarz bringt seinen König in Sicherheit.} (
14... Nd7 15. Qg4 $14) 15. Rad1 (15. e5 dxe5 16. Bxe5 Qd7 (16... Bc5+ 17. Kh1
Bd4 18. Rad1 Bxe5 19. Qxe5 Qe8 20. Ne2 $14) 17. Rad1 Qc6 $11) 15... Nd7 {
[%cal Gd7c5,Gd7e5] Damit verbessert Schwarz seine Springerstellung. Hier wäre
16.e5 nicht besonders gut.} 16. Rxf8+ Qxf8 17. Na4 Bf6 $1 (17... Qd8 $6 18. Qh5
$36) 18. Bxf6 (18. Bxb6 $4 Nxb6 19. Nxb6 Bd4+ {[%cal Rd4b6,Rd4g1]}) (18. Be3 $5
) 18... Qxf6 19. Qe3 Rd8 20. b4 (20. Nxb6 Qxb2 21. Rb1 (21. Nxd7 Rxd7 $11)
21... Qe5 22. Nxd7 Rxd7 23. Qa7 Qc5+ (23... Bc8 24. Rb8 Qa1+ 25. Bf1 Rd8 $11)
24. Qxc5 dxc5 $11) 20... a5 $1 21. Nxb6 axb4 22. Rf1 Qh6 $5 {Schwarz fürchtet
sich nicht davor, einen Doppelbauern auf der h-Linie zu bekommen.} (22... Qe7
23. Nxd7 Rxd7 (23... Qxd7 24. Qb6 Ra8 25. Qxb4 $16) 24. Rb1 $16) 23. Qxh6 gxh6
24. Nxd7 Rxd7 25. Rb1 {[%csl Rb4][%cal Rb1b4]} Ba6 26. Rxb4 d5 $1 $132 {
Das ist die Pointe des schwarzen Spiels.} 27. Ra4 (27. exd5 exd5 28. Ra4 Bxc4
29. Bxc4 dxc4 30. Rxc4 Rd1+ 31. Kf2 Rd2+ $11) 27... Bxc4 28. Bxc4 dxc4 29. Rxc4
$14 {[%mdl 4096] Weiß hat (noch) einen Bauern mehr und Schwarz hat einen
Doppelbauern auf der h-Linie zu beklagen. Da aber das Material schon stark
reduziert ist, hat Dr.Tarrasch in diesem Fall wieder einmal Recht mit seinem
Ausspruch "Alle Turmendspiele sind Remis". Weiß steht besser, aber sein
Vorteil ist - bei guter schwarzer Verteidigung - nicht zu verwerten.} Rd1+ 30.
Kf2 Rd2+ {[%cal Rd2a2,Rd2h2]} 31. Kg3 Rxa2 32. Rc6 Ra3+ (32... e5 $2 33. Rxh6
$16) 33. Kh4 Ra2 34. Kh3 Ra3+ 35. g3 Ra2 {[%cal Ga2h2]} 36. Rxe6 h5 37. Re7 (
37. Re5 Re2 38. Rxh5 Rxe4 $11) 37... Re2 $1 {[%csl Ge2,Rh3][%cal Ge2e4,Ge2h2]
Der Turm steht ausgezeichnet auf e2 - er kontrolliert den e-Bauern und auch
den Ph2. Der weiße König steht zu seinem Unglück sehr auf h3.} 38. e5 (38. Kh4
Rxh2+ 39. Kg5 Rh3 $11) 38... h6 39. Re8+ (39. Kh4 $4 Rxh2#) (39. e6 Kg8) 39...
Kg7 40. Re7+ Kg6 41. e6 Kf6 42. Re8 Kg6 (42... Rxe6 $4 43. Rxe6+ Kxe6 44. Kh4
$18) 43. e7 Kg7 $22 $11 {Nach diesem Zug befindet sich Weiß quasi in Zugzwang
- er kann seine Stellung nicht mehr verbessern.} (43... Kf7 $4 44. Rh8 $18) 44.
g4 hxg4+ (44... Re3+ 45. Kh4 hxg4 $11) 45. Kxg4 Kf7 46. Rh8 {Weiß gewinnt zwar
noch den h-Bauern, aber die Stellung ist theoretisch Remis.} 1/2-1/2

[Event "VISA Nordic GP Final"]
[Site "Gentofte"]
[Date "1999.08.17"]
[Round "10"]
[White "Hansen, Sune Berg"]
[Black "Akesson, Ralf"]
[Result "1-0"]
[WhiteElo "2558"]
[BlackElo "2535"]
[Annotator "Ribli,Z"]
[PlyCount "80"]
[EventDate "1999.08.05"]
[EventType "tourn"]
[EventRounds "13"]
[EventCountry "DEN"]
[EventCategory "9"]
[SourceTitle "CBM 073"]
[Source "ChessBase"]
[SourceDate "1999.12.01"]
[SourceVersion "1"]
[SourceVersionDate "1999.12.01"]
[SourceQuality "1"]

{[%mdl 2112]} 1. e4 c5 2. Nf3 e6 3. d4 cxd4 4. Nxd4 a6 5. Bd3 Bc5 6. Nb3 Be7 {
Eine relativ neue Fortsetzung. Früher spielte man 6...Ba7. Schwarz möchte eine
Igelstellung mit ...d6 / ...b6 / ...Bb7 und ...Nf6 aufbauen. Ribli.} 7. O-O d6
8. c4 {Das ist üblich in der Paulsen Variante. Weiss kann das Zentrum mit c4
besetzen.} Nf6 (8... Nd7 9. Nc3 b6 10. Qe2 Bb7 11. f4 Qc7 12. Bd2 $5 Ngf6 13.
Rae1 g6 14. e5 dxe5 15. fxe5 Nh5 16. Nd5 $1 exd5 17. e6 fxe6 18. Qxe6 Ndf6 19.
Bb4 Ng8 20. Bxe7 Nxe7 21. Rf7 Kd8 22. Rxe7 Qc6 23. Qe5 {1-0 Langheinrich,
F-Glek,I/Bad Zwesten 1999/CBM 68 ext (23)}) 9. Nc3 (9. Qe2 Qc7 10. Nc3 Nbd7 11.
f4 b6 12. Be3 (12. Bd2 $5 Bb7 13. Rae1 $36) 12... Bb7 13. Rae1 Rc8 14. Kh1 O-O
15. Bg1 g6 16. e5 dxe5 17. fxe5 Nh5 18. Bd4 Bh4 19. Rc1 Bg5 20. Rcd1 Nf4 21.
Qg4 Bxg2+ 22. Kg1 Bxf1 23. Bxf1 Nxe5 24. Qg3 Bh6 25. Ne4 f5 26. Ned2 Rfd8 27.
Qh4 Rxd4 28. Nxd4 Qc5 {0-1 Micic,J-Glek,I/Dortmund 1998/EXT 99 (28)}) 9... O-O
(9... Nc6 10. Qe2 (10. Be2 O-O 11. Be3 b6 12. f4 Nd7 13. Rc1 Bb7 14. Bd3 Nc5
15. Bb1 Bf6 16. Qd2 Qc7 17. Rfd1 Rfd8 18. Qf2 Rd7 19. Nd2 Rc8 20. a3 a5 21. Nf3
{1/2-1/2 Sax,G-Mortensen,E/Valby 1994/EXT 98 (21)}) 10... Ne5 11. Rd1 Qc7 12.
Bf4 b6 13. Rac1 O-O 14. Nd2 Bb7 (14... Nxd3 15. Qxd3 Bb7 $11) 15. Bb1 Rac8 16.
b3 Nfd7 17. Nf1 Rfd8 18. Qh5 Ng6 19. Be3 Bf6 20. Ng3 b5 $5 {0-1 Borocz,I-Glek,
I/Budapest 72/171 1998/[Glek,I] (43)}) (9... b6 10. f4 Nc6 11. Be3 Bb7 12. Qf3
Nd7 13. Rad1 Qc7 14. Qh3 Nc5 15. Nxc5 bxc5 16. f5 Bc8 17. fxe6 fxe6 18. e5 $1
$40 {1-0 Rytshagov,M-Agrest,E/Stockholm 1998/EXT 99 (73)}) 10. f4 {Weiss
kontrolliert mehr Raum und hat Angriffsmöglichkeiten am Königsflügel. Die
schwarze Stellung ist zwar etwas passiv, aber elastisch.} (10. Be3 b6 (10...
Nc6 11. Rc1 b6 12. f3 Nd7 13. Qd2 Nc5 14. Be2 Bb7 15. Rfd1 Rc8 16. Nd4 Nxd4 17.
Qxd4 Qc7 18. b4 Rfd8 19. Kh1 Nd7 {1/2-1/2 Zude,A-Bischoff,K/Dudweiler 1996/CBM
55 ext (19)}) 11. f4 Bb7 12. Qe2 Nbd7 13. Bf2 Qc7 14. Rae1 Rfd8 15. Bg3 Rac8
16. e5 Ne8 17. f5 Nxe5 18. fxe6 fxe6 19. Bxe5 dxe5 20. Bxh7+ Kxh7 21. Qh5+ Kg8
22. Qf7+ Kh7 23. Qh5+ {1/2-1/2 Heinatz,T-Bischoff,K/Germany 1997/GER-chT (23)})
10... b6 11. Qf3 Bb7 {[%cal Gb7f3]} 12. Qh3 {[%cal Gd3h7,Gh3h7] Es droht 13.e5.
} Nbd7 {Normalerweise steht in Igelstellungel der Springer besser auf d7 als
auf c6. Im folgenden kann Schwarz ...Nc5 spielen, andererseits ist der
Springerzug auch gegen 13.e5 gerichtet.} 13. Be3 b5 {Schwarz strebt nach
sofortigem Gegenspiel und möchte Stellung komplizieren. Meines Erachtens
bietet 13...Qc7 bessere Ausgleichschancen.} (13... Qc7 14. Rac1 Rac8 15. g4 g6
16. Nd2 Rfe8 17. f5 exf5 18. exf5 d5 19. fxg6 hxg6 20. Nxd5 Bxd5 21. cxd5 Qxc1
22. Rxc1 Rxc1+ 23. Nf1 Bc5 {0-1 Rudd,J-Davies,N/Scarborough ENG 1999 (38)}) 14.
cxb5 axb5 15. a3 {Weiss nimmt nicht auf b5, denn der e4-Zentrumsbauer ist
wichtiger. Die Partiefortzetzung verhindert den Zug ...b5-b4.} (15. Bxb5 Nxe4
16. Nxe4 Bxe4 $11) (15. Nxb5 Bxe4 $15 (15... Nxe4 $15)) 15... Rb8 {[%cal Gb8b5]
} 16. Rad1 $14 {[%cal Gd1d8] Weiss hat eine gute Angriffsstellung und der
b5-Bauer ist eine "ewige" Schwäche. Es droht 17.e5 dxe5 18.fxe5 und nach 18...
Nxe5 gewinnt Weiss mit 19.Bxh7+.} e5 {Schwarz verhindert den Bauernvorstoss
e4-e5, schwächt aber gleichzeitig sein Zentrum.} 17. Bxb5 {[%cal Gd1d8]} Bxe4 {
Schwarz muss mit dem Läufer auf e4 nehmen, sonst wäre der d7-Springer
unverteidigt.} (17... exf4 18. Bxf4 Bxe4 19. Nd4 $16 {[%csl Gb5,Gd4]}) 18. fxe5
(18. Nxe4 $6 Rxb5 19. Nxf6+ Nxf6 20. fxe5 Rxb3 21. exf6 Bxf6 $15) 18... Nxe5
19. Nd4 {[%csl Gb5,Gd4][%cal Gd1d8]} Bg6 20. Nf5 Nfg4 (20... Bxf5 21. Qxf5 Qc8
$14) 21. Nxe7+ (21. Bd4 $14) 21... Qxe7 22. a4 {[%csl Ga4,Gb5,Yd5,Rd6] Der
b5-Läufer ist befestigt. Weiss hat Positionsvorteil, denn der Bauer d6 und das
Feld d5 sind dauerhaft schwach.} Bc2 (22... Nxe3 23. Qxe3 $14) 23. Rd2 (23. Nd5
Qe6 24. Rd2 Be4 25. Nf4 $14) 23... Bb3 {[%cal Gb3e6] Der Läufer kontrolliert
das Feld d5.} 24. Bd4 {Weiss bereitet den Plan 25.Qg3 / 26.h3 vor.} f5 25. Qg3
Bc4 $6 {Dieser Zug ist nicht logisch. Schwarz tauscht den Läufer, wonach das
Feld d5 schwach wird.} (25... Qg5 $5 $132 {[%cal Gf5f4]}) 26. Bxc4+ Nxc4 27.
Re2 Qd7 (27... Qb7 28. Nb5 $16 {[%csl Rc4,Rd6][%cal Rb2b3]}) 28. Nd5 {[%csl
Gd5,Rg7][%cal Re2e7,Re7d7,Re7g7]} Rbe8 $6 (28... Nce5 $14) 29. Rxe8 Rxe8 (29...
Qxe8 30. Qb3 $18 {[%csl Rc4][%cal Rb3g8]}) 30. h3 (30. Qd3 {[%cal Rd3c4,Rd3f5]}
Nge5 31. Qxf5 $16) (30. Qb3 Nd2 31. Nf6+ Kh8 $13) 30... Qb7 $2 (30... Qf7 31.
Nc3 $14) 31. Qf3 $16 {[%csl Rb7][%cal Gf3b7,Rd5f6,Rf6g8] Nach diesem Zug
hängen die Dame auf b7 (nach 32.Nf6+) und der f5-Bauer.} (31. Rxf5 Nce5 32. Nc3
$16) 31... Rb8 32. Qxf5 {Weiss nimmt den Bauern, aber die Annahme des
Springers wäre auch sehr gut.} (32. hxg4 $5 Nd2 {[%cal Rd2f3,Rd2f1]} 33. Qxf5
Nxf1 34. Qe6+ Kh8 35. Kxf1 $18) 32... Nge5 33. Qe6+ Kh8 34. b4 {[%csl Ga4,Gb4,
Gd5,Ge6] Die weisse Figurenstellung ist ausgezeichnet und seine verbundenen
Freibauern sehr gefährlich. Die schwarzen Probleme sind kaum zu lösen.} Qa8 (
34... Qc8 35. Qxc8+ (35. Qe7 $18) 35... Rxc8 36. a5 $18) 35. Bxe5 dxe5 (35...
Nxe5 36. Qxd6 $18) 36. Rf7 {Weiss spielt auf direkten Angriff.} Qxa4 37. Qg4
$18 {[%csl Rg7][%cal Rg4g7] Die Stellung ist nur materiell gleich. Der weisse
Angriff ist entscheidend.} Qa1+ (37... Rg8 38. Ne7 $18) 38. Kh2 e4 {[%cal
Ga1g7]} 39. Re7 $5 {Das ist die präzise Fortsetzung. Weiss lässt die schwarze
Dame nicht über e5 ins Spiel kommen.} (39. Qxe4 Qe5+ 40. Qxe5 Nxe5 $16) 39...
Nd6 40. Qf4 {[%csl Rb8,Rd6][%cal Rf4b8]} (40. Qg3 $18) 40... Qa6 {Und Schwarz
gab gleichzeitig auf. Er kann die vielseitigen Drohungen nicht verteidigen.} (
40... Qa6 41. b5 {[%csl Ra6,Rb8,Rd6]} (41. Rd7 $18 {[%csl Rd6]}) (41. Rxg7 $5
$18 Kxg7 42. Qf6+ Kg8 43. Ne7#) 41... Qxb5 (41... Nxb5 42. Qxb8+ $18) (41...
Rxb5 42. Qf8#) 42. Qxd6 $18) 1-0

[Event "GER-ch 70th"]
[Site "Bremen"]
[Date "1998.11.14"]
[Round "9"]
[White "Mueller, Karsten"]
[Black "Boensch, Uwe"]
[Result "0-1"]
[WhiteElo "2550"]
[BlackElo "2530"]
[Annotator "Ribli,Z"]
[PlyCount "80"]
[EventDate "1998.11.06"]
[EventType "swiss"]
[EventRounds "9"]
[EventCountry "GER"]
[SourceTitle "CBM 068"]
[Source "ChessBase"]
[SourceDate "1999.02.01"]
[SourceVersion "1"]
[SourceVersionDate "1999.02.01"]
[SourceQuality "1"]

{[%mdl 193]} 1. e4 c5 2. Nf3 e6 3. d4 cxd4 4. Nxd4 a6 5. Bd3 Qb6 {Die schwarze
Dame steht nicht besonders gut auf b6, aber verjagt den aktiven weißen
Springer von d4. Ribli.} 6. Nb3 (6. Nf3 $5 {Und Weiß läßt b2-b3 / Bc1-b2
folgen.}) 6... Qc7 7. O-O d6 8. c4 Nf6 9. Be3 (9. Nc3 Be7 (9... b6 10. f4 Nbd7
11. Qe2 Be7 12. Bd2 Bb7 13. Rae1 Rd8 14. Rf3 Nc5 15. Nxc5 dxc5 16. Rh3 Nd7 17.
e5 g6 {1/2-1/2 Westerinen,H-Zagorskis,D/Erevan 1996/EXT 97 (17)}) 10. Be3 b6
11. Rc1 (11. f4 Nbd7 12. Qf3 Bb7 13. Rae1 O-O 14. Qh3 Rfe8 15. Kh1 g6 16. f5 {
1-0 McShane,L-Rotman,D/Witley 1996/EXT 98 (46)}) 11... Nbd7 (11... O-O 12. f3
Nbd7 13. Nd2 Bb7 14. Qe2 Rac8 15. Qf2 Bd8 16. Bf4 Qb8 17. Rfd1 Ne5 18. Be2 Bc7
19. Bg5 Ned7 {1/2-1/2 Lisek,J-Brustkern,J/Germany 1998/EXT 99 (61)}) 12. Nd4
Bb7 13. f3 O-O 14. Qd2 Rac8 15. Rfd1 Qb8 16. Na4 Rfe8 17. Qf2 Bd8 18. Nb3 Nc5
19. Nbxc5 dxc5 20. b4 Bc7 {1/2-1/2 Tratatovici,M-Rotman,D/Petach Tikva 1996/
CBM 55 ext (29)}) 9... Nbd7 {Der Springer muß sich nach d7 entwickeln, denn
nach ...Nc6 wäre das Motiv Nc3 / Rc1 / Nd5! immer sehr unangenehm.} 10. Nc3 b6
11. Rc1 (11. a4 Be7 12. a5 O-O 13. Qe2 Rb8 14. axb6 Nxb6 15. Na5 Nfd7 16. b4
Ne5 17. Rfc1 Nbd7 18. Rab1 Nxd3 19. Qxd3 Nf6 20. f3 Bd7 21. Qd2 Rfc8 22. Ne2 {
1-0 Agnos,D-Kreiman,B/Linares 1998/CBM 62 ext (47)}) 11... Bb7 {Wir haben eine
typische Igelstellung. Weiß hat großen Raumvorteil, aber die schwarze Stellung
ist elastisch und weist keine besonderen Schwächen auf.} 12. Nd2 {Weiß
verbessert seine Springerstellung. Nach diesem Zug wird der weitere Raumgewinn
am Damenflügel mit b2-b4 möglich.} g6 $5 {Das ist eine anspruchsvolle
Fortsetzung. Mit beiden Läufern in den langen Diagonalen kann Schwarz
zufrieden sein.} 13. f4 Bg7 14. b4 {Weiß hat großen Raumvorteil, aber die
Frage ist: Wie kommt er voran?} Rc8 (14... O-O) 15. Qe2 Qb8 {[%cal Gb8a8,Ga8h1]
} 16. Na4 (16. b5 $6 Nc5 {[%csl Gc5]}) 16... O-O $11 17. a3 (17. Nxb6 $6 Nxb6
18. Bxb6 Bxe4 {[%cal Rb8b6]}) 17... Ba8 {Heutzutage gibt es in der
Turnierpraxis viele ähnliche Beispiele. Schwarz hat scheinbar eine passive
Stellung, aber Weiß muß stets die Durchbruchsmöglichkeiten ...b6-b5 oder ...
d6-d5 beachten.} 18. h3 $6 {Weiß bereitet 19.Qf2 vor, was bis jetzt immer
schlecht war wegen ...Ng4.} (18. Kh1 $5) 18... Nh5 $1 $13 {[%cal Rh5g3,Rg3e2,
Rg3f1] [#]} 19. Rfe1 (19. Qf2 b5 $1 20. Nc3 (20. cxb5 axb5 {[%csl Ra4][%cal
Gg7a1]} 21. Nb6 Nxb6 22. Bxb6 Nxf4 23. Bxb5 Rxc1 24. Rxc1 f5 $17) 20... bxc4
21. Nxc4 (21. Bxc4 Bxc3 (21... d5 $2 22. exd5 Bxc3 23. dxe6 Bxd2 24. Qxd2 $16)
22. Rxc3 d5 23. Rd3 dxc4 24. Rxd7 c3 $17) 21... Bxc3 (21... d5 $17) 22. Rxc3 d5
{[%csl Rc3,Rc4][%cal Rc8c3]} 23. Ne5 Rxc3 24. Nxd7 Qc8 $17) 19... e5 {Mit
diesem Zug schwächt Schwarz das Feld d5, aber das ist ohne Bedeutung, denn der
weiße Springer ist auf a4 und Schwarz erlangt die Herrschafft über das Feld f4.
} 20. f5 (20. fxe5 Bxe5 {[%csl Ge5,Yf4,Yg3]} (20... dxe5 21. c5 b5 22. Nc3 Nf4
23. Bxf4 exf4 $13 {[%cal Gg7a1]})) 20... Nf4 {[%csl Gf4]} 21. Qf1 (21. Bxf4
exf4 {[%csl Gg7][%cal Gg7a1]}) 21... gxf5 22. Bxf4 {Jetzt ist dieser Tausch
erzwungen.} (22. exf5 $2 Bxg2 $19) 22... exf4 23. Qxf4 Ne5 $36 {[%csl Ge5]
Schwarz besitzt das Läuferpaar und entfaltet lebendiges Figurenspiel.
Besonders die Schwäche der schwarzen Felder wird spürbar.} 24. Bf1 fxe4 25.
Nxe4 f5 $6 {[%csl Ra4,Ga8,Re4,Ge5,Gf5,Gg7] [#]Dieser Zug führt zu großen
Komplikationen, aber er schwächt auch die schwarze Königsstellung.} (25... b5
$5 26. Nf6+ Bxf6 (26... Kh8 27. Qf5 Ng6 28. cxb5 Rxc1 29. Rxc1 axb5 30. Bxb5
Bxg2 $13 {[%cal Gg6h4]}) 27. Qxf6 bxa4 28. Rxe5 dxe5 29. Qg5+ $11) 26. Ng3 (26.
Ng5 {[%cal Rg5e6,Re6f8,Re6g7]} Rce8 $13) 26... Ng6 {[%cal Gg7a1]} 27. Qg5 $6 {
Dieser Zug hilft nur dem Schwarzen, der ein wichtiges Tempo mit dem Läufer
bekommt.} (27. Qf2 {[%cal Gf2b6,Ga4b6]} f4 (27... b5 28. cxb5 Rxc1 29. Rxc1 f4
30. Nh5 $16 {[%cal Gh5g7]}) 28. Ne4 d5 29. cxd5 Rxc1 30. Rxc1 Bxd5 31. Nec3 $13
) 27... Bf6 28. Qd2 Be5 {[%csl Ge5][%cal Re5g3]} 29. Qf2 b5 $1 $15 {[#]} 30.
cxb5 Rxc1 (30... axb5 31. Rxc8 Rxc8 32. Nb2 $15) 31. Rxc1 f4 $1 {[%cal Gf8f1]
Der b5-Bauer zählt nicht, viel wichtiger ist die Initiative am Königsflügel.}
32. Nh5 {[#]} (32. Ne2 f3 $17 {[%csl Ga8,Ge5,Gf3,Gf8,Rg1]}) 32... f3 $1 (32...
axb5 33. Nb6 Qa7 $15 {[%csl Ra3,Ge5][%cal Ga7g1]}) 33. g4 $2 {Weiß schwächt
das Feld f4.} (33. g3 axb5 34. Nb6 Qa7 35. Bxb5 Qxa3 $17) 33... Nf4 $17 34.
bxa6 $6 (34. Nxf4 Rxf4 {[%cal Re5d4,Rd4g1]} (34... Bxf4) 35. Rc4 axb5 36. Rxf4
Bxf4 $17 {[%csl Ga8,Gf3,Gf4,Rg1]}) (34. Nb6 $2 Ne2+ 35. Bxe2 fxe2 $19 {[%csl
Ga8,Rb6,Gb8,Ge2,Ge5,Rf2,Gf8,Rg1]}) 34... Ne2+ $1 {Mit diesem Zug öffnet
Schwarz die Stellung, was für den weißen König sehr unangenehm ist.} 35. Bxe2
fxe2 36. Qe3 (36. Qxe2 $2 Bd4+ 37. Kh2 Rf2+ $19) 36... Qb5 $1 $19 {[%cal Rb5a4,
Rf8f1]} (36... Qe8 {[%cal Re8a4,Ge8e1] Jetzt hängt a4 und es gibt die
Nebendrohung 37...Bd4 38.Qxd4 e1Q mit Gewinn.}) 37. Qg5+ Kh8 38. Qf5 $5 {
[#]Ein schöner Zug in verlorener Stellung.} e1=Q+ (38... Bd4+ $5 39. Kh2 Qe5+
40. Qxe5+ Bxe5+ 41. Kg1 Rf1+ 42. Rxf1 Bd4+ $19) (38... Rxf5 $4 39. Rc8+ $18)
39. Rxe1 Rxf5 40. gxf5 Qd5 {[%csl Ga8,Gd5,Ge5,Rg1][%cal Ra8h1] Und Weiß gab in
hoffnungsloser Stellung auf.} 0-1